Beste Premier League Torschützen Manchester City - Statistiken

Allgemein
  • Dieses Quiz wurde 334 mal gespielt
    163 seit der letzten Aktualisierung
  • Das Durchschnittsergebnis liegt bei 15 aus 30
Antwortstatistiken
Saison Nationalität Tore Spieler % Korrekt
2024/25 Norwegen 22 Erling Haaland
99%
2023/24 Norwegen 27 Erling Haaland
99%
2022/23 Norwegen 36 Erling Haaland
99%
2021/22 Belgien 15 Kevin De Bruyne
99%
2020/21 Deutschland 13 İlkay Gündoğan
96%
2018/19 Argentinien 21 Sergio Agüero
95%
2017/18 Argentinien 21 Sergio Agüero
95%
2016/17 Argentinien 20 Sergio Agüero
95%
2015/16 Argentinien 24 Sergio Agüero
95%
2014/15 Argentinien 26 Sergio Agüero
95%
2011/12 Argentinien 23 Sergio Agüero
95%
2012/13 Bosnien und Herzegowina 14 Edin Džeko
84%
2019/20 England 20 Raheem Sterling
73%
2013/14 Elfenbeinküste 20 Yaya Touré
73%
2010/11 Argentinien 21 Carlos Tévez
53%
2009/10 Argentinien 23 Carlos Tévez
53%
2008/09 Brasilien 14 Robinho
31%
2003/04 Frankreich 17 Nicolas Anelka
20%
2002/03 Frankreich 14 Nicolas Anelka
20%
1995/96 Deutschland 9 Uwe Rösler
13%
1994/95 Deutschland 15 Uwe Rösler
13%
2000/01 Costa Rica 9 Paulo Wanchope
8%
2004/05 England 10 Shaun Wright-Phillips
8%
2005/06 England 9 Andy Cole
5%
2006/07 England 6 Joey Barton
4%
2004/05 England 10 Robbie Fowler
4%
2007/08 Simbabwe 15 Benjani
3%
1992/93 England 16 David White
2%
1993/94 England 6 Mike Sheron
2%
1993/94 England 6 Rick Holden
1%
Keine übereinstimmenden Quizze gefunden
Verteilung der Resultate
Anzahl Personen mit jedem Resultat
Perzentil nach korrekt beantworteten Fragen
Ihre Resultats-Entwicklung
Sie haben dieses Quiz seit der letzten Aktualisierung nicht gespielt